000 00594nam a22001937a 4500
005 20241210165510.0
010 _aENG-142918
020 _a9789350690413
_c75.00
035 _aEN-126450
037 _bDBAD
082 _a230.35
100 _aSai Baba, Bhagawan Sri Sathya
_974914
245 _aBhagwad Gita/
_cby Bhagawan Sri Sathya Sai Baba
260 _aPrasanthi Nilayam
_bSri Sathya Sai Sadhana Trust
_c2013
270 _aSri Sathya Sai Sadhana Trust
_bPrasanthi Nilayam
_e515134
300 _a374p.
_c22cm (pb)
700 _932825
942 _2ddc
_cEN
_h230.35
_mBHA
999 _c207534
_d207534